000 00630nam a2200241Ia 4500
003 OSt
005 20221005124502.0
006 a|||||r|||| 00| 0
007 ta
008 221004b |||||||| |||| 00| 0 ben d
020 _c130
024 _a760
037 _b22, 20/03/2009, Mukta Dhara
_cTextual
040 _aCRL
_cCRL
_bben
041 _2ben
_aben
082 _aY15z7, 157P5
100 _aBebel Augest
_9635315
245 0 _aNaari atit bartaman
260 _c2005
650 _aSOCIOLOGY
942 _hY15z7, 157P5
_cTEXL
_2cc
999 _c1050638
_d1050638